El arte de China / (Record no. 149080)

MARC details
000 -LEADER
campo de control de longitud fija 00812nam a2200229 i 4500
001 - NÚMERO DE CONTROL
campo de control 149080
003 - IDENTIFICADOR DE NÚMERO DE CONTROL
campo de control ES-MaACL
005 - FECHA Y HORA DE LA ÚLTIMA TRANSACCIÓN
campo de control 20250811235324.0
007 - CAMPO FIJO DE DESCRIPCIÓN FÍSICA--INFORMACIÓN GENERAL
campo de control de longitud fija t|
008 - DATOS DE LONGITUD FIJA--INFORMACIÓN GENERAL
campo de control de longitud fija 070214s1967 sp af |||| | spa d
080 ## - NÚMERO DE LA CLASIFICACIÓN DECIMAL UNIVERSAL
Número de la Clasificación Decimal Universal 7(510)
100 1# - ENTRADA PRINCIPAL--NOMBRE DE PERSONA
Nombre de persona Swann, Peter C.
9 (RLIN) 108922
245 13 - MENCIÓN DEL TÍTULO
Título El arte de China /
Mención de responsabilidad, etc. texto de Peter C. Swann ; realización y fotografías de Claude Arthaud y F. Hébert-Stevens ; [traducción de Mª Dolores Raich Ullán].
260 ## - PUBLICACIÓN, DISTRIBUCIÓN, ETC.
Lugar de publicación, distribución, etc. Barcelona :
Nombre del editor, distribuidor, etc. Juventud,
Fecha de publicación, distribución, etc. [1967] (
Fabricante Clarasó)
300 ## - DESCRIPCIÓN FÍSICA
Extensión 150 p., 62 lám. :
Otras características físicas il. ;
Dimensiones 29 cm.
650 #7 - PUNTO DE ACCESO ADICIONAL DE MATERIA--TÉRMINO DE MATERIA
Término de materia o nombre geográfico como elemento de entrada Arte chino
Fuente del encabezamiento o término embne
9 (RLIN) 135611
700 1# - ENTRADA AGREGADA--NOMBRE PERSONAL
Nombre de persona Arthaud, Claude,
Fechas asociadas al nombre 1927-
9 (RLIN) 23458
700 1# - ENTRADA AGREGADA--NOMBRE PERSONAL
Nombre de persona Hébert-Stevens, François.
9 (RLIN) 62265
700 1# - ENTRADA AGREGADA--NOMBRE PERSONAL
Nombre de persona Raich Ullán, María Dolores.
9 (RLIN) 95020
852 ## - LOCALIZACIÓN
Ubicación ES-MaACL
Número de control de estantería E-8529
Holdings
Estatus retirado Estado de pérdida Estado de daño No para préstamo Biblioteca de origen Biblioteca actual Ubicación en estantería Fecha de adquisición Fuente de adquisición Total de préstamos Signatura topográfica completa Código de barras Visto por última vez Precio de reemplazo Tipo de ítem Koha
        Biblioteca del Ateneo de Madrid Biblioteca del Ateneo de Madrid Depósito 2 17/01/2008     E-8529 1155569 23/02/2023 23/02/2023 Libro impreso